Zermatt - Choix multiples - Statistiques

Statistiques générales
  • Ce quiz a été pris 15 fois
  • Le résultat moyen est 8 sur 10
Statistiques - réponses
Question Réponse % Correct
Quelle montagne en triangle surplombant Zermatt est un sommet emblématique de Suisse et l'un des sites les plus photographiés du pays ? Le Cervin
100%
Parmi les propositions suivantes, laquelle est interdite dans les rues de Zermatt ? Rouler en voiture thermique
100%
Quelle langue est majoritairement parlée à Zermatt ? L'allemand
92%
Dans quel canton se situe Zermatt ? Le Valais
92%
Reconnaissez-vous Zermatt sur l'une des images suivantes ?
85%
Quelle station française est reliée à Zermatt par la "Haute Route", un parcours de randonnées à pied ou à ski à travers des paysages de montagnes spectaculaires ? Chamonix
77%
Quel nom donne-t-on aux greniers indépendants surélevés bâtis sous la forme de chalets typiquement suisses, dont Zermatt préserve les siens par des règles d'urbanisme strictes ? Les raccards
77%
Comment appelle-t-on la vallée dans laquelle se niche Zermatt ? La Vallée de Saint-Nicolas
62%
Quel thème biblique est représenté sur le plafond de l'Église Saint-Mauritius de Zermatt, au centre de la nef ? L'arche de Noé
54%
Quel futur Pape et grand alpiniste a été secouru par une caravane de Zermatt après avoir passé la nuit sur le Mont Rose, avec des compagnons d'ascension ? Pie XI
54%
Aucun quiz correspondant
Distribution des résultats
% des personnes avec chaque résultat
Percentile par nombre de réponses
Votre historique - résultats
Vous n’avez pas pris ce quiz